Günışığında yönetim : (Record no. 200003089)
[ view plain ]
| 000 -LEADER | |
|---|---|
| fixed length control field | 00748 a2200253 4500 |
| 001 - CONTROL NUMBER | |
| control field | 200003089 |
| 003 - CONTROL NUMBER IDENTIFIER | |
| control field | TR-AnTOB |
| 005 - DATE AND TIME OF LATEST TRANSACTION | |
| control field | 20250808120503.0 |
| 008 - FIXED-LENGTH DATA ELEMENTS--GENERAL INFORMATION | |
| fixed length control field | 110302s2004 tu 000 0 d |
| 020 ## - INTERNATIONAL STANDARD BOOK NUMBER | |
| International Standard Book Number | 9753682875 |
| 040 ## - CATALOGING SOURCE | |
| Original cataloging agency | DEUX |
| 041 ## - LANGUAGE CODE | |
| Language code of text/sound track or separate title | Türkçe |
| 050 #4 - LIBRARY OF CONGRESS CALL NUMBER | |
| Classification number | KKX2720 |
| Item number | .Ö93 2004 |
| 090 ## - LOCALLY ASSIGNED LC-TYPE CALL NUMBER (OCLC); LOCAL CALL NUMBER (RLIN) | |
| Classification number (OCLC) (R) ; Classification number, CALL (RLIN) (NR) | KKX2720 .Ö93 2004 |
| 100 1# - MAIN ENTRY--PERSONAL NAME | |
| Personal name | Özay, İlhan. |
| 9 (RLIN) | 73147 |
| 245 10 - TITLE STATEMENT | |
| Title | Günışığında yönetim : |
| Remainder of title | XXI inci yüzyılın ilk çeyreğinin Jön Türk"lerine / |
| Statement of responsibility, etc. | İlhan Özay. |
| 264 #1 - PRODUCTION, PUBLICATION, DISTRIBUTION, MANUFACTURE, AND COPYRIGHT NOTICE | |
| Place of production, publication, distribution, manufacture | İstanbul ;: |
| Name of producer, publisher, distributor, manufacturer | Filiz Kitabevi, |
| Date of production, publication, distribution, manufacture, or copyright notice | c2004. |
| 300 ## - PHYSICAL DESCRIPTION | |
| Extent | xxxix, 1035 p.; |
| Dimensions | 24 cm. |
| 504 ## - BIBLIOGRAPHY, ETC. NOTE | |
| Bibliography, etc. note | |
| 650 #0 - SUBJECT ADDED ENTRY--TOPICAL TERM | |
| Topical term or geographic name entry element | Administrative law |
| Geographic subdivision | Turkey |
| General subdivision | Turkey. |
| 9 (RLIN) | 10432 |
| 650 #0 - SUBJECT ADDED ENTRY--TOPICAL TERM | |
| Topical term or geographic name entry element | İdare hukuku |
| Geographic subdivision | Türkiye |
| 9 (RLIN) | 10433 |
| 942 ## - ADDED ENTRY ELEMENTS (KOHA) | |
| Koha item type | Book |
| Withdrawn status | Lost status | Not for loan | Collection code | Home library | Current library | Shelving location | Date acquired | Source of acquisition | Cost, normal purchase price | Serial Enumeration / chronology | Inventory number | Total Checkouts | Total Holds | Full call number | Barcode | Date last seen | Date last checked out | Copy number | Cost, replacement price | Date shelved | Koha item type | Source of classification or shelving scheme | Total Renewals |
|---|---|---|---|---|---|---|---|---|---|---|---|---|---|---|---|---|---|---|---|---|---|---|---|
| Ödünç Verilebilir / Available | Genel Koleksiyon | Merkez Kütüphane | Merkez Kütüphane | Depo/Stack | 02/03/2011 | Satın Alma / Purchase | 0.00 | 1 | HUK | 1 | KKX2720 .Ö93 2004 | 0035906 | 18/05/2021 | 29/04/2021 | 1 | 27.37 | 22/02/2011 | Book | |||||
| Ödünç Verilemez-Düşüm / Not For Loan-Withdrawn | Genel Koleksiyon | Merkez Kütüphane | Merkez Kütüphane | Genel Koleksiyon / Main Collection | 02/03/2011 | Satın Alma / Purchase | 0.00 | 1 | 1 | KKX2720 .Ö93 2004 | 0035907 | 12/08/2018 | 08/08/2018 | 2 | 27.37 | Book | Library of Congress Classification | ||||||
| Ödünç Verilemez-Düşüm / Not For Loan-Withdrawn | Genel Koleksiyon | Merkez Kütüphane | Merkez Kütüphane | Genel Koleksiyon / Main Collection | 02/03/2011 | Satın Alma / Purchase | 0.00 | 1 | 1 | KKX2720 .Ö93 2004 | 0035908 | 02/01/2018 | 04/07/2017 | 3 | 27.37 | 22/02/2011 | Book | Library of Congress Classification | 1 |
